| 000 | 00358nam a22001337a 4500 | ||
|---|---|---|---|
| 005 | 20260205110431.0 | ||
| 008 | 260205b |||||||| |||| 00| 0 eng d | ||
| 020 | _a978-0-140-44917-4 | ||
| 100 | _aLEO, TOLSTOY | ||
| 245 |
_aANNA KARENINA _bA NOVEL IN EIGHT PARTS |
||
| 260 |
_aDUBLIN _bPENGUIN RANDOM HOUSE _c2003 |
||
| 300 | _aXXV, 837P. | ||
| 942 |
_2lcc _cBK |
||
| 999 |
_c216554 _d216554 |
||